Enterprises SOA : designinig IT for business innovation (Record no. 180628)

MARC details
000 -LEADER
fixed length control field 00461nam a2200157Ia 4500
005 - DATE AND TIME OF LATEST TRANSACTION
control field 20250225114944.0
008 - FIXED-LENGTH DATA ELEMENTS--GENERAL INFORMATION
fixed length control field 231217s9999 xx 000 0 und d
020 ## - INTERNATIONAL STANDARD BOOK NUMBER
International Standard Book Number 9788184041446
082 ## - DEWEY DECIMAL CLASSIFICATION NUMBER
Classification number 005.1 WOO;1 R
100 ## - MAIN ENTRY--PERSONAL NAME
Personal name Woods, Dan. Mattern, Thomas
245 #0 - TITLE STATEMENT
Title Enterprises SOA : designinig IT for business innovation
260 ## - PUBLICATION, DISTRIBUTION, ETC. (IMPRINT)
Date of publication, distribution, etc. 2006
Name of publisher, distributor, etc. Shroff
Place of publication, distribution, etc. Mumbai
300 ## - PHYSICAL DESCRIPTION
Extent xv+433
650 ## - SUBJECT ADDED ENTRY--TOPICAL TERM
Topical term or geographic name as entry element Enterprises,SOA,:,designinig,business,innovation
942 ## - ADDED ENTRY ELEMENTS (KOHA)
Koha item type Books
Holdings
Date last seen Total Checkouts Full call number Accession number Old discount Cost, replacement price Price effective from Category Lost status Damaged status Department Withdrawn status bill no. bill date Permanent Location Current Location Shelving location Entry date Vendor Cost, normal purchase price Grants Currency symbol Conversion rate Discount Discount type
26/01/2024   005.1 WOO;1 R 49086 25 281.25 26/01/2024 Books     Central Library   47325 09/03/2009 Central Library Central Library Central Library 20/05/2008 Book Paradise 375.00 MCA RS 1 93.75 Rupees
26/01/2024   005.1 WOO;2 R1 49087 25 281.25 26/01/2024 Books     Central Library   47325 09/03/2009 Central Library Central Library Central Library 20/05/2008 Book Paradise 375.00 MCA RS 1 93.75 Rupees

© For any Suggestions or Query, please contact the library staff @ librarian@pes.edu or Phone: +9180 2672 1983/ 2108.